| 000 -ლიდერი |
| ფიქსირებული სიგრძის საკონტროლო ველი |
01298nam a22002057a 4500 |
| 003 - საკონტროლო ნომრის იდენტიფიკატორი |
| საკონტროლო ველი |
Ge_BSU |
| 005 - ბოლო ოპერაციის თარიღი და დრო |
| საკონტროლო ველი |
20250211104010.0 |
| 008 - ფიქსირებული სიგრძის მონაცემთა ელემენტები - ზოგადი ინფორმაცია |
| ფიქსირებული სიგრძის საკონტროლო ველი |
250211s2014 ge ||||| |||| 00| 0 geo d |
| 041 ## - ენის კოდი |
| Language code of text/sound track or separate title |
geo |
| 080 ## - უნივერსალური ათობითი კლასიფიკაციის ინდექსი |
| Universal Decimal Classification number |
94(479.223-21)(084.12) მ-80 |
| 245 ## - ცნობა სათაურის შესახებ |
| Title |
მოგზაურობა ძველ ბათუმში : |
| Remainder of title |
[სტატიები] / |
| Statement of responsibility, etc |
შეადგინა ნანა კვაჭაძემ; რედ. ანა ჭაბაშვილი; იდეის ავტ.: ნესტან ცეცხლაძე, ეთერ თურაძე ; დიზაინი: ეკა ბერიძე, ია ფრანგიშვილი. |
| 264 ## - წარმოების, გამოცემის, დისტრიბუციის და სხვა ცნობები |
| გამოცემის, წარმოების, დისტრიბუციის... ადგილი |
ბათუმი : |
| გამოცემის, წარმოების, დისტრიბუციის... სახელწოდება |
გაზეთი "ბათუმელები", |
| გამოცემის, წარმოების, დისტრიბუციის... თარიღი |
2014. |
| 300 ## - ფიზიკური აღწერა |
| Extent |
228 გვ. : |
| Other physical details |
ფოტ. ; |
| Dimensions |
22 სმ. |
| 653 ## - INDEX TERM--UNCONTROLLED |
| Uncontrolled term |
ბათუმის ისტორია |
| 700 ## - ADDED ENTRY--PERSONAL NAME |
| Personal name |
კვაჭაძე, ნ. (ნანა) |
| Relator term |
ავტორი |
| 9 (RLIN) |
24306 |
| 700 ## - ADDED ENTRY--PERSONAL NAME |
| Personal name |
ჭიჭილეიშვილი, მ. (მაია) |
| Relator term |
ავტორი |
| 9 (RLIN) |
23640 |
| 700 ## - ADDED ENTRY--PERSONAL NAME |
| Personal name |
გუჯაბიძე, შ. (შოთა) და სხვ. |
| Relator term |
ავტორი |
| 9 (RLIN) |
24307 |
| 700 ## - ADDED ENTRY--PERSONAL NAME |
| Personal name |
ჭაბაშვილი, ა. ანა, |
| Relator term |
რედაქტოი |
| 9 (RLIN) |
24308 |
| 942 ## - ADDED ENTRY ELEMENTS (KOHA) |
| Source of classification or shelving scheme |
|
| Koha item type |
წიგნი |